00618cam a22001577a 4500008004000000082001800040100002400058245006200082260005100144300001300195440002200208500008700230650003400317999001900351952009000370180718b1952 xxu||||| |||| 00| 0 eng d aI5516x73 In8c aArnow, Kathryn Smul aAttack on the cost of living indexcby Kathryn Smul Arnow aNew YorkbPolygraphic Company of Americac1952 a779-853p aOPAC case studies aInter-university case program: cases in public administration and policy formation aInter-university case program c500377d500377 00104070aIIPAbIIPAd2018-08-04oI5516x73 In8cpGR4910r2018-08-04w2018-08-04yGR